Detalles MARC
| 000 -LÍDER |
| Campo fijo de descripción fija |
02157nam a2200385 i 4500 |
| 001 - NÚMERO DE CONTROL |
| Campo de control |
768714001 |
| 003 - IDENTIFICADOR DEL NÚMERO DE CONTROL |
| Campo de control |
CO-MdFUSB |
| 005 - FECHA Y HORA DE LA ULTIMA TRANSACCIÓN |
| control field |
20220625062549.0 |
| 007 - CAMPO FIJO DE DESCRIPCIÓN FIJA--INFORMACIÓN GENERAL |
| Campo fijo de descripción fija |
cr aa aaaaa |
| 008 - ELEMENTOS DE LONGITUD FIJA -- INFORMACIÓN GENERAL |
| Campo fijo de descripción fija -- Información general |
211212b ||||| |||| 00| 0 eng d |
| 020 ## - NÚMERO INTERNACIONAL NORMALIZADO PARA LIBROS |
| Número Internacional Normalizado del libro |
9788418204357 |
| Información adicional |
electrónico |
| 040 ## - FUENTE DE CATALOGACIÓN |
| Agencia de catalogación original |
CO-MdFUSB |
| Idioma de catalogación |
spa |
| Agencia que realiza la transcripción |
CO-MdFUSB |
| Agencia que realiza la modificación |
CO-MdFUSBC |
| Convenciones de la descripción |
rda |
| 041 ## - CÓDIGO DE IDIOMA |
| Código de idioma para texto/pista de sonido o título separado |
spa |
| 082 ## - NÚMERO DE CLASIFICACIÓN DECIMAL DEWEY |
| Número de la edición del Dewey |
23 |
| Número de clasificación |
225.4 |
| 100 ## - ASIENTO PRINCIPAL--NOMBRE PERSONAL |
| Nombre personal |
Morris, Paul. |
| Término relacionador |
autor |
| 245 ## - TÍTULO |
| Título del Material |
Temas judíos en el Nuevo Testamento |
| Mención de responsabilidad, etc. |
/ Paul Morris |
| Medio físico |
[electrónico] |
| 264 #1 - PRODUCCIÓN, PUBLICACIÓN, DISTRIBUCIÓN, MANUFACTURA, Y COPYRIGHT |
| Lugar de producción, publicación, distribución, manufactura |
Barcelona, España : |
| Nombre del productor, publicador, distribuidor |
Clie, |
| Fecha de producción, publicación, distribución, manufactura, o copyright |
[2021] |
| 264 #4 - PRODUCCIÓN, PUBLICACIÓN, DISTRIBUCIÓN, MANUFACTURA, Y COPYRIGHT |
| Fecha de producción, publicación, distribución, manufactura, o copyright |
© 2021 |
| 300 ## - DESCRIPCIÓN FÍSICA |
| Extensión |
406 páginas |
| Dimensiones |
; |
| 336 ## - TIPO DE CONTENIDO |
| Fuente |
rdacontent |
| Término de tipo de contenido |
texto |
| Código de tipo de contenido |
txt |
| 337 ## - TIPO DE MEDIO |
| Fuente |
rdamedia |
| Nombre del tipo de medio |
informático |
| Código del tipo de medio |
c |
| 338 ## - TIPO DE SOPORTE |
| Fuente |
rdacarrier |
| Nombre del tipo de soporte |
remoto |
| Código Tipo de soporte |
cr |
| 505 ## - NOTA DE CONTENIDO |
| Título |
1ª Parte: “Privilegios y promesas” |
| Nota de contenido con formato preestablecido |
Yahveh, el Dios de Israel. -- Su pueblo. -- Al judío primeramente. -- El olivo. -- Deudores<br/> |
| 505 ## - NOTA DE CONTENIDO |
| Título |
2ª Parte: “Verdades duras”<br/> |
| Nota de contenido con formato preestablecido |
La incredulidad de Israel. -- El reino: entonces y ahora. -- Ira hasta el extremo. -- Charlatanes y mutiladores. -- La oposición judía al evangelio<br/> |
| 505 ## - NOTA DE CONTENIDO |
| Título |
3ª Parte: “No han sido rechazados”<br/> |
| Nota de contenido con formato preestablecido |
La compasión de Jesús por Israel. -- El anhelo del corazón de Pablo y su oración a Dios. -- La derrota del pecado y de Satanás. -- Yo soy de Pedro: el apostolado de la circuncisión. -- Provocarles a celos. -- De los dos, un solo y nuevo hombre. -- El Israel de Dios. -- ¡Presta atención! -- Culturalmente judíos. -- El regreso a la tierra |
| 505 ## - NOTA DE CONTENIDO |
| Título |
4ª Parte: “El triunfo de la gracia”<br/> |
| Nota de contenido con formato preestablecido |
Y entonces, todo Israel será salvo. -- Apéndice 1: “El autor”. -- Apéndice 2: “Testimonio cristiano a Israel”<br/> |
| 506 ## - NOTA DE RESTRICCIONES DE ACCESO |
| Condiciones de acceso |
Solicitar clave y usuario para acceder al libro electrónico. |
| 506 ## - NOTA DE RESTRICCIONES DE ACCESO |
| Condiciones de acceso |
Libro multiusuario. |
| 630 #7 - TITULO UNIFORME |
| Título uniforme |
Biblia. |
| Nombre de parte o sección de la obra |
Nuevo Testamento |
| Subdivisión de materia general |
Cultura |
| 650 #7 - ASIENTO SECUNDARIO DE MATERIA - TERMINO TEMÁTICO |
| Término temático o nombre geográfico como elemento de entrada |
Judaísmo |
| Subdivisión general |
Costumbres y prácticas |
| Fuente del encabezamiento o término |
|
| 9 (RLIN) |
6882 |
| 856 ## - LOCALIZACIÓN Y ACCESO ELECTRÓNICOS |
| Numero de Acceso |
2959855 |
| Identificador Uniforme del Recurso |
<a href="http://search.ebscohost.com/login.aspx?direct=true&scope=site&db=nlebk&db=nlabk&AN=2959855">http://search.ebscohost.com/login.aspx?direct=true&scope=site&db=nlebk&db=nlabk&AN=2959855</a> |
| Nota dirigida al público |
<a href="Abrir Versión electrónica del libro Temas judíos en el Nuevo Testamento">Abrir Versión electrónica del libro Temas judíos en el Nuevo Testamento</a> |
| 942 ## - TIPO DE MATERIAL (KOHA) |
| Tipo de Item KOHA |
Libros General |
| 945 ## - INFORMACIÓN LOCAL DEL REGISTRO |
| Catalogador |
JTF-925 |